MARC details
| 000 -CABECERA |
| campo de control de longitud fija |
01027nam a2200289 a 4500 |
| 001 - NÚMERO DE CONTROL |
| campo de control |
000044681 |
| 003 - IDENTIFICADOR DEL NÚMERO DE CONTROL |
| campo de control |
DO-SdBNP |
| 005 - FECHA Y HORA DE LA ÚLTIMA TRANSACCIÓN |
| campo de control |
20230123112718.0 |
| 007 - CAMPO FIJO DE DESCRIPCIÓN FÍSICA--INFORMACIÓN GENERAL |
| campo de control de longitud fija |
ta |
| 008 - DATOS DE LONGITUD FIJA--INFORMACIÓN GENERAL |
| campo de control de longitud fija |
110412s2012 dr fr 000 0 spa d |
| 020 ## - NÚMERO INTERNACIONAL ESTÁNDAR DEL LIBRO |
| Número Internacional Estándar del Libro |
9789945883206 |
| 040 ## - FUENTE DE LA CATALOGACIÓN |
| Centro catalogador/agencia de origen |
DO-SdBNP |
| Lengua de catalogación |
spa |
| Centro/agencia transcriptor |
BNPHU |
| 082 #4 - NÚMERO DE LA CLASIFICACIÓN DECIMAL DEWEY |
| Número de edición |
22 |
| Número de clasificación |
C969r |
| 111 2# - ENTRADA PRINCIPAL--NOMBRE DE CONGRESO/REUNIÓN |
| Nombre de congreso/reunión o jurisdicción como elemento de entrada |
Cumbre judicial Iberoamericana |
| Número del congreso/reunión o número de parte o sección |
(XIV |
| Fecha del congreso/reunión |
2008: |
| Sede del congreso/Lugar de la reunión |
Brasilia-Brasil) |
| 9 (RLIN) |
55871 |
| 245 10 - MENCIÓN DE TÍTULO |
| Título |
"Reglas de Brasilia sobre acceso a la justicia de las personas en condición de vulnerabilidad". |
| 250 ## - MENCIÓN DE EDICIÓN |
| Mención de edición |
2da. reimpresión |
| 260 ## - PUBLICACIÓN, DISTRIBUCIÓN, ETC. |
| Lugar de publicación, distribución, etc. |
Santo Domingo : |
| Nombre del editor, distribuidor, etc. |
Poder Judicial, |
| Fecha de publicación, distribución, etc. |
2012. |
| 300 ## - DESCRIPCIÓN FÍSICA |
| Extensión |
34 p. ; |
| Dimensiones |
22 cm. |
| 590 ## - NOTA LOCAL (RLIN) |
| Nota local |
Inventariado 2023 / MF |
| 650 #4 - PUNTO DE ACCESO ADICIONAL DE MATERIA--TÉRMINO DE MATERIA |
| 9 (RLIN) |
10342 |
| Término de materia o nombre geográfico como elemento de entrada |
Derechos Civiles |
| Subdivisión geográfica |
Brasilia - Brasil |
| 650 #4 - PUNTO DE ACCESO ADICIONAL DE MATERIA--TÉRMINO DE MATERIA |
| 9 (RLIN) |
34958 |
| Término de materia o nombre geográfico como elemento de entrada |
Discriminación |
| Subdivisión general |
Legislación |
| Subdivisión geográfica |
Brasilia - Brasil |
| 710 2# - PUNTO DE ACCESO ADICIONAL--NOMBRE DE ENTIDAD CORPORATIVA |
| Nombre de entidad corporativa o nombre de jurisdicción como elemento de entrada |
Poder Judicial (República Dominicana) |
| 9 (RLIN) |
76405 |
| 710 2# - PUNTO DE ACCESO ADICIONAL--NOMBRE DE ENTIDAD CORPORATIVA |
| Nombre de entidad corporativa o nombre de jurisdicción como elemento de entrada |
Oficina Técnica de Cooperación |
| 9 (RLIN) |
83046 |
| 711 2# - PUNTO DE ACCESO ADICIONAL--NOMBRE DE REUNIÓN/CONGRESO |
| Nombre de congreso/reunión o jurisdicción como elemento de entrada |
XIV Cumbre judicial Iberoamericana |
| Sede del congreso/Lugar de la reunión |
Brasilia-Brasil |
| Fecha del congreso/reunión |
2008 |
| 9 (RLIN) |
83045 |
| 910 ## - DATOS DE OPCIÓN DEL USUARIO (OCLC) |
| Datos de opción del usuario |
MFeliz |
| 942 ## - ELEMENTOS DE PUNTO DE ACCESO ADICIONAL (KOHA) |
| Fuente del sistema de clasificación o colocación |
Dewey Decimal Classification |
| Tipo de ítem Koha |
Folleto |